banner-ar

THE ART MAKERS: AN INFORMAL HISTORY OF PAINTING SCULPTURE AND ARCHITECTURE IN NINETEENTH - CENTURY / (Record no. 17341)

MARC details
000 -الفاتح
حقل البيانات ثابتة الطول 00517nam a2200169Ia 4500
008 - عناصر البيانات ثابتة الطول - معلومات عامة
حقل البيانات ثابتة الطول 140319s9999 xx 000 0 eng d
040 ## - مصدر الفهرسة
وكالة الفهرسة الأصلية GCL /
وكالة النسخ GCL
082 04 - رقم تصنيف ديوى العشرى
رقم التصنيف 709.73
رقم المادة L A
100 1# - المدخل الرئيسى - إسم شخصى
الإسم الشخصى LYNES, RUSSELL
245 10 - بيان العنوان
العنوان THE ART MAKERS: AN INFORMAL HISTORY OF PAINTING SCULPTURE AND ARCHITECTURE IN NINETEENTH - CENTURY /
بيان المسئوليه,etc LYNES, RUSSELL
260 ## - PUBLICATION, DISTRIBUTION, ETC. (IMPRINT)
تاريخ النشر أو التوزيع 1983
300 ## - الوصف المادى
التعداد 514
650 04 - المدخل الاضافى بالموضوع-مصطلح موضوعى
مصطلح موضوعي ART MODERN 19TH CENTURY
650 04 - المدخل الاضافى بالموضوع-مصطلح موضوعى
مصطلح موضوعي ART, AFRICA
942 ## - عناصر المدخل الإضافي( كوها)
مصدر التصنيف او مخطط الترفيف Dewey Decimal Classification
Koha [default] item type كتاب
260 ## - PUBLICATION, DISTRIBUTION, ETC. (IMPRINT)
-- [S.N] :
-- DOVER PUBLICATIONS,INC. ،
Holdings
حالة التراجع حالة الفقد حالة تلف ليس للاعارة المكان المؤقت الموقع الحالى تاريخ الاكتساب اجمالي اﻻعارات رقم الطلب الباركود تاريخ اخر مشاهدة تاريخ تفعيل السعر نوع وعاء كوها
        مكتبة القاهرة الكبرى مكتبة القاهرة الكبرى 03/26/2014   709.73\L A 31393 03/26/2014 03/26/2014 كتاب

Powered By

EGPV